000 00470nam a2200169Ia 4500
005 20241004034523.0
008 240331s9999 xx 000 0 und d
020 _a10139249
082 _bCha
_a820
245 0 _aChannels :
_ba journal of creative writing - Volume 5 No.1
260 _aColombo
_bThe English Writers Cooperative of Sri Lanka
_c1994
300 _a63 p .,
650 _aShort Stories
650 _aPoetry
700 _aRanasinghe, Anne,
_eedt
942 _cL
999 _c3177
_d3177